000 00537nam a2200169Ia 4500
008 220216s9999 xx 000 0 und d
100 _aNieuwenhuizen P J
245 0 _aHomogeneous zinc(II) catalysis in accelerated vulcanization III. Degradation modes of mono- and disulfidic cross-links
260 _bRubber Chemistry and Technology
_c1999
300 _a27-42
650 _aAccelarated vulcanization
650 _aDisulfidic cross-links
700 _aHaasnoot J G
700 _aReedijk J
700 _aVan Veen J M
942 _cJS
999 _c60476
_d60476